Un médico alemán en el México de Maximiliano : cartas de Adolfo Schmidtlein a sus padres, 1865-1874 /

Compendio de cartas que Adolfo Schmidtlein, médico militar que perteneciera a las tropas de Maximiliano, escribiera a sus padres entre 1865 y 1874. Schmidtlein, quien nació en Alemania hacia mediados del siglo XIX, permaneció en México después de la caída del imperio y murió en su país natal en 1892...

Whakaahuatanga katoa

I tiakina i:
Ngā taipitopito rārangi puna kōrero
Kaituhi matua: Schmidtlein, Adolfo (autor)
Hōputu: Pukapuka
Reo:Pāniora
I whakaputaina: México : C. Amor S., 1978, c1978
Ngā marau:
Ngā Tūtohu: Tāpirihia he Tūtohu
Kāore He Tūtohu, Me noho koe te mea tuatahi ki te tūtohu i tēnei pūkete!

MARC

LEADER 00000nam^a2200000^a^4500
001 000104614
005 20250521000000.0
009 20260310093428.979
020 |a 968-435-001-5 
037 |a Acervo ITESO - Biblioteca 
041 |a ESP 
082 |a 972. 049  |b SCH 
100 |a Schmidtlein, Adolfo  |e (autor) 
245 1 3 |a Un médico alemán en el México de Maximiliano :  |b cartas de Adolfo Schmidtlein a sus padres, 1865-1874 /  |c A. Schmidtlein ; presen. de José María Amor Schmidtlein. 
264 4 |a México :  |b C. Amor S.,  |c 1978, c1978 
300 |a 384 p. 
336 |a texto  |b txt  |2 rdacontenido 
337 |a sin mediación  |b n  |2 rdamedio 
338 |a volumen  |b nc  |2 rdasoporte 
520 |a Compendio de cartas que Adolfo Schmidtlein, médico militar que perteneciera a las tropas de Maximiliano, escribiera a sus padres entre 1865 y 1874. Schmidtlein, quien nació en Alemania hacia mediados del siglo XIX, permaneció en México después de la caída del imperio y murió en su país natal en 1892. 
649 |a XX 
650 |a Cartas Alemanas 
650 |a Médicos Alemanes 
650 |a México -  |x Historia -  |y Regencia e Imperio, 1863-1867 
650 |a México -  |x Historia -  |y Intervención y Segundo Imperio, 1861-1867 
650 |a México -  |x Historia -  |y 1867-1872 
650 |a México -  |x Historia -  |y 1872-1876 
650 |a México -  |x Historia -  |y República Liberal, 1867-1911 
650 |a México -  |x Historia -  |y Siglo XIX 
910 |a Fondo Jesús Rodríguez 
920 |a Impresos - Libros 
930 |a Fondos Especiales 
905 |a 113 
901 |a 0500040507  |b IT2  |c ESP  |u 20250521 
902 |a https://opac.biblio.iteso.mx/vufind/Record/000104614